Theories of organization
Сохранить в:
| Главный автор: | |
|---|---|
| Формат: | |
| Язык: | Undetermined |
| Опубликовано: |
Chicago
St. Clair Press
1975
|
| Предметы: | |
| Метки: |
Добавить метку
Нет меток, Требуется 1-ая метка записи!
|
| Thư viện lưu trữ: | Trung tâm Học liệu Trường Đại học Cần Thơ |
|---|
| LEADER | 00485nam a2200181Ia 4500 | ||
|---|---|---|---|
| 001 | CTU_69035 | ||
| 008 | 210402s9999 xx 000 0 und d | ||
| 082 | |a 658.1 | ||
| 082 | |b T713 | ||
| 100 | |a Tosi, Henry L. | ||
| 245 | 0 | |a Theories of organization | |
| 245 | 0 | |c Henry L. Tosi | |
| 260 | |a Chicago | ||
| 260 | |b St. Clair Press | ||
| 260 | |c 1975 | ||
| 650 | |a Organization,Industrial organization. | ||
| 904 | |i Mai Loan | ||
| 980 | |a Trung tâm Học liệu Trường Đại học Cần Thơ | ||